000 01608nam a22003854i 4500
999 _c63683
_d63683
001 768714001
003 CO-MdFUSB
005 20200414162319.0
007 cr cn|||||||||
008 130717s2013 sp gs 000 0 spa d
020 _a9788499455280
_qelectrónico
040 _aCO-MdFUSBC
_bspa.
_cCO-MdFUSB
_dCO-MdFUSBC
_erda
041 _aspa
082 0 4 _a225.08
_223
100 _aBoné, Édouard.
_eautor
245 4 _aLos doce a quienes dio el nombre de apóstoles
_c/ Édouard Boné , Miguel Montes.
_h[recurso electrónico]
264 1 _aEspaña :
_bVerbo Divino,
_c[2013]
264 4 _c© 2013
300 _arecurso en línea (135 páginas)
_c;
336 _2rdacontent
_atexto
_btxt
337 _2rdamedia
_ainformático
_bc
338 _2rdacarrier
_aremoto
_bcr
347 _2rda
_afichero de texto
_bHtml
490 1 _aSurcos
505 _aIntroducción. -- Juan. -- Andrés. -- Santiago el Mayor. -- Pedro. -- Felipe Santiago el Menor. -- Bartolomé o Natanael. -- Mateo. -- Simón el Zelota y Judas. -- Tomás. -- Judas Iscariote. -- Matías. -- Para concluir: Los sucesores de los Doce.
516 _aTexto electrónico
538 _aAcceso a Internet; requiere usuario y clave asignada por la biblioteca
630 0 7 _aBiblia.
_pNuevo Testamento
650 4 _aReligión.
700 1 _aMontes, Miguel.
_eautor
856 4 0 _uhttp://site.ebrary.com/lib/unisbcsp/Doc?id=10721560
_b10721560
_zAbrir Versión electrónica del libro Los doce a quienes dio el nombre de apóstoles
942 _cBK
945 _aJTF-925